000 01503nam a22003853i 4500
001 EBC6712945
003 MiAaPQ
005 20230406173012.0
007 cr cnu||||||||
008 230324s2021 xx o ||||0 eng d
020 _a9789004465831
_q(electronic bk.)
020 _z9789004463264
040 _aMiAaPQ
_beng
_cMiAaPQ
245 1 0 _aArabic Christianity between the Ottoman Levant and Eastern Europe
_cedited by Ioana Feodorov, Bernard Heyberger, Samuel Noble
264 1 _aToronto :
_bBrill,
_c2021.
264 4 _c©2021.
300 _a1 online resource (383 pages)
336 _aText
_btxt
_2rdacontent
337 _aComputermedien
_bc
_2rdamedia
338 _aOnline Resource
_bcr
_2rdacarrier
490 0 _aArabic Christianity ;
_vv.3
500 _aE-Book-ProQuest / Fernzugriff nach Registrierung möglich
650 7 _aKulturkontakt
_922494
650 7 _aChristentum
_922495
651 7 _aOsteuropa
651 7 _aArabische Staaten
655 _aFernzugriff
_9230
700 1 _aFeodorov, Ioana.
_921896
_4edt
_eeditor
700 1 _aHeyberger, Bernard.
_921897
_4edt
_eeditor
700 1 _aNoble, Samuel.
_921898
_4edt
_eeditor
776 0 8 _iPrint version:
_aFeodorov, Ioana
_tArabic Christianity Between the Ottoman Levant and Eastern Europe
_dToronto : BRILL,c2021
_z9789004463264
830 0 _aArabic Christianity Ser.
_921899
856 4 0 _uhttps://ebookcentral.proquest.com/lib/maxweberstiftung-ebooks/detail.action?docID=6712945
_zVolltext
942 _cEB
_2z
999 _c62070
_d62070